Development of IOT based model in the context of collage education (Record no. 65877)

MARC details
000 -LEADER
fixed length control field 00317nam a22001097a 4500
100 ## - MAIN ENTRY--AUTHOR NAME
Personal name Lala Rukh Baloch
-- 09MSIT21
245 ## - TITLE STATEMENT
Title Development of IOT based model in the context of collage education
260 ## - PUBLICATION, DISTRIBUTION, ETC. (IMPRINT)
Place of publication Nawabshah
Name of publisher QUEST
Year of publication 2019
300 ## - PHYSICAL DESCRIPTION
Number of Pages 48
700 ## - ADDED ENTRY--PERSONAL NAME
Personal name Department of Information Technology
942 ## - ADDED ENTRY ELEMENTS (KOHA)
Koha item type Thesis and Dissertation
Holdings
Withdrawn status Lost status Home library Current library Date acquired Full call number Accession Number Koha item type
    Central Library, QUEST, Nawabshah Seminar Library, Chemical Engg. 16/10/2019 R/IMS-19 MP/52-640 Thesis and Dissertation